01111nam a2200265 a 450000100060000000300080000600500170001400800410003102000260007203500190009804000430011704100080016008200240016811100950019224502030028726000330049030000390052350400410056265000330060365000320063670000190066871000580068777600210074585600790076672485BD-RjUL20211209082251.0170520s1973 wb a b 101 0 engm  a0387062041 (New York) a(BD-RjUL)72703 aDLCcDLCdm.c.dWQMdMYGdBD-RjULbeng aeng 223a612.8bBIO 19732 aSymposium on the Biochemistry and Physiology of Visual Pigmentsd(1972 :cBochum, Germany)10aBiochemistry and physiology of visual pigments: symposium held at Inst. f. Tierphysiologie Ruhr-Univ.bBochum, W. Germany, August 27-30, 1972 /cfor the organizing committee edited by Helmut Langer. aNew York :bSpringer,c1973. axiii, 366 p. :b202 ill. ;c25 cm. aIncludes bibliographical references. 0aVisual pigmentsvCongresses. 0aPhotoreceptorsvCongresses.1 aLnger, Helmut.2 aRuhr-Universitt Bochum.bInstitut fr Tierphysiologie.1 w(OCoLC)840301749413SpringerLinkuhttp://dx.doi.org/10.1007/978-3-642-85769-0zMIT Access Only